Comuni della Provincia di Bari (con mappa) - Statistics

Statistiche generali
  • Questo quiz è stato fatto 149 volte
  • Il punteggio medio è 29 su 41
Risposte nella Mappa
Le risposte nella mappa del quiz sottostante sono codificate secondo una scala di colori dal rosso al verde in base alla % di persone che hanno risposto correttamente.
 
Statistiche sulle risposte
Risposta % Corretto
Bari
98%
Altamura
92%
Bitonto
89%
Molfetta
89%
Monopoli
87%
Bitritto
81%
Polignano a Mare
81%
Mola di Bari
79%
Ruvo di Puglia
79%
Bitetto
76%
Corato
76%
Gioia del Colle
76%
Gravina in Puglia
76%
Putignano
76%
Alberobello
73%
Modugno
73%
Noicattaro
73%
Adelfia
71%
Casamassima
71%
Acquaviva delle Fonti
70%
Giovinazzo
70%
Locorotondo
70%
Terlizzi
70%
Noci
68%
Rutigliano
68%
Sammichele di Bari
68%
Triggiano
68%
Binetto
67%
Conversano
67%
Capurso
65%
Sannicandro di Bari
65%
Valenzano
65%
Palo del Colle
63%
Santeramo in Colle
63%
Castellana Grotte
60%
Grumo Appula
60%
Turi
60%
Cellamare
57%
Cassano delle Murge
56%
Toritto
54%
Poggiorsini
52%
Nessun quiz corrispondente trovato
Distribuzione punteggi
Percentuale di utenti per punteggio
Percentile per numero di risposta
I tuoi punteggi nel tempo
Non hai fatto questo quiz